<?xml version="1.0" encoding="UTF-8"?>
<record
    xmlns:xsi="http://www.w3.org/2001/XMLSchema-instance"
    xsi:schemaLocation="http://www.loc.gov/MARC21/slim http://www.loc.gov/standards/marcxml/schema/MARC21slim.xsd"
    xmlns="http://www.loc.gov/MARC21/slim">

  <leader>00660nam a22002057a 4500</leader>
  <datafield tag="999" ind1=" " ind2=" ">
    <subfield code="c">98</subfield>
    <subfield code="d">98</subfield>
  </datafield>
  <controlfield tag="005">20251027105609.0</controlfield>
  <controlfield tag="008">230703b           ||||| |||| 00| 0 eng d</controlfield>
  <datafield tag="040" ind1=" " ind2=" ">
    <subfield code="c">NMSCST</subfield>
  </datafield>
  <datafield tag="082" ind1=" " ind2=" ">
    <subfield code="a">781.6409 </subfield>
    <subfield code="b">P544 2020</subfield>
  </datafield>
  <datafield tag="100" ind1=" " ind2=" ">
    <subfield code="a">Harding, Phil. </subfield>
  </datafield>
  <datafield tag="245" ind1=" " ind2=" ">
    <subfield code="a">Pop music production : </subfield>
    <subfield code="b">manufactured pop and boybands of the 1990s /</subfield>
    <subfield code="c">Phil Harding.</subfield>
  </datafield>
  <datafield tag="260" ind1=" " ind2=" ">
    <subfield code="a">New York : </subfield>
    <subfield code="b">Routledge, </subfield>
    <subfield code="c">c2020.</subfield>
  </datafield>
  <datafield tag="300" ind1=" " ind2=" ">
    <subfield code="a">xvii, 192 pages :</subfield>
    <subfield code="b">illustrations </subfield>
  </datafield>
  <datafield tag="500" ind1=" " ind2=" ">
    <subfield code="a">Includes bibliography ang index. </subfield>
  </datafield>
  <datafield tag="650" ind1=" " ind2=" ">
    <subfield code="a">Popular music. </subfield>
  </datafield>
  <datafield tag="650" ind1=" " ind2=" ">
    <subfield code="a">History and criticism.</subfield>
  </datafield>
  <datafield tag="650" ind1=" " ind2=" ">
    <subfield code="a">Popular music- - production and direction. </subfield>
  </datafield>
  <datafield tag="700" ind1=" " ind2=" ">
    <subfield code="a">Colins, Mike. </subfield>
  </datafield>
  <datafield tag="942" ind1=" " ind2=" ">
    <subfield code="2">ddc</subfield>
    <subfield code="c">CIR</subfield>
  </datafield>
  <datafield tag="952" ind1=" " ind2=" ">
    <subfield code="0">0</subfield>
    <subfield code="1">0</subfield>
    <subfield code="2">ddc</subfield>
    <subfield code="4">0</subfield>
    <subfield code="7">0</subfield>
    <subfield code="8">NFIC</subfield>
    <subfield code="a">CL</subfield>
    <subfield code="b">CL</subfield>
    <subfield code="c">RES</subfield>
    <subfield code="d">2023-07-03</subfield>
    <subfield code="e">Purchase  (Linar)</subfield>
    <subfield code="g">5389.00</subfield>
    <subfield code="h">781.6409 P544 2020</subfield>
    <subfield code="i">9789</subfield>
    <subfield code="l">0</subfield>
    <subfield code="o">781.6409  P544 2020</subfield>
    <subfield code="p">9789</subfield>
    <subfield code="r">2023-07-03</subfield>
    <subfield code="w">2023-07-03</subfield>
    <subfield code="y">CIR</subfield>
  </datafield>
</record>
